000 00453nam a22001457a 4500
005 20260119062841.0
008 260119b |||||||| |||| 00| 0 eng d
020 _a9789966562302
050 _aPT8895 .A6
_b.I37 2017
100 _aIbsen, Henrik
_928758
245 _aA Doll's House
_c/ Henrik Ibsen
260 _aNairobi, Kenya.
_bEast African Educational Publishers Ltd;
_cc2017
300 _aviii, 120p.;
_c17cm.
942 _2lcc
_cBK
_kPT8895 .A6
_m.I37 2017
999 _c10005
_d10005